000 00487nam a2200145Ia 4500
008 190813s9999 xx 000 0 und d
020 _a9781138742208
100 _aHo, Robert.
245 _cRobert Ho.--
_aUnderstanding statistics for social sciences with IBM SPSS /
260 _aNew York :
_bRoutledge
_c2018
300 _a275 pages.
500 _aIncluded bibliographical references and index.
650 _aSocial sciences -- statistical methods.
650 _aSPSS (Computer file).
999 _c362043
_d362043